Online Catalogue and eLibrary

Verkalai Nokki (Record no. 4279)

MARC details
000 -LEADER
fixed length control field 00427nam a2200181Ia 4500
005 - DATE AND TIME OF LATEST TRANSACTION
control field 20250220051353.0
008 - FIXED-LENGTH DATA ELEMENTS--GENERAL INFORMATION
fixed length control field 240331s9999 xx 000 0 und d
082 ## - DDC Classification
Item Number - Author Mark CAB
DDC Edition Number 4994
Class No. 954
100 ## - MAIN ENTRY--PERSONAL NAME
Personal name Cabral, A
245 #0 - TITLE STATEMENT
Title Verkalai Nokki
260 ## - PUBLICATION, DISTRIBUTION, ETC.
Place of publication, distribution, etc. Chennai
Name of publisher, distributor, etc. Vitiyal Publications
Date of publication, distribution, etc. 2001
300 ## - PHYSICAL DESCRIPTION
Extent (e.g. Volumes, Pages etc.) 127 p.,
650 ## - SUBJECT ADDED ENTRY--TOPICAL TERM
Topical term or geographic name entry element Colonialism
650 ## - SUBJECT ADDED ENTRY--TOPICAL TERM
Topical term or geographic name entry element Liberation
650 ## - SUBJECT ADDED ENTRY--TOPICAL TERM
Topical term or geographic name entry element Unity
650 ## - SUBJECT ADDED ENTRY--TOPICAL TERM
Topical term or geographic name entry element Anti-Imperialism
942 ## - Koha item type (Biblio)
Koha item type Books in Stacks (Lending)
Holdings
Lost status Damaged status Collection code Home library Current library Shelving location Date acquired Full call number Accession Number Item type
    Lending WERC Library WERC Library Social Science Cupboard 03/31/2024 954 CAB 4994 Books in Stacks (Lending)

© WERC Library